00558nam a2200169Ia 450000500170000000800410001702000150005808200150007310000220008824500830011026000470019330000200024065000100026094200060027095200970027699900150037320240429013145.0240331s9999 xx 000 0 und d a9559052020 bWOMa331.4 aJayaweera, Swarna 0aWomen in export production villages :cCentre for women's research, Sri Lanka. aColombobCentre for women's researchc1990 aP 151, (x) V 2  aWomen cL 001040708LaWERCLbWERCLcSSCd2024-03-31l0o 331.4 WOMp1330r2024-03-31w2024-03-31yL c2607d2607